Statistics for Rap Popular Songs

Click here to take the quiz!

General Stats

  • This quiz has been taken 27 times
  • The average score is 10 of 18

Answer Stats

SongRapper% Correct
Still DreDr Dre
92%
Not afraidEminem
92%
Lose yourselfEminem
92%
Highest in the RoomTravis Scott
88%
AntidoteTravis Scott
88%
The BoxRoddy Rich
84%
Empire State of MindJAY-Z
80%
Wet dreamzJ Cole
72%
No Role ModelzJ Cole
72%
Drop it like it’s hotSnoop dog
72%
NoticedLil Mosey
60%
Ms JacksonOutkast
60%
First classJack harlow
48%
HideJuice wrld
12%
EmotionsIan Dior
8%
HeartlessKayne West
8%
2MSNemzzz
8%
Kacy TalkYoung Boy NBA
8%

Score Distribution

Percentile by Number Answered

Percent of People with Each Score

Your Score History

You have not taken this quiz